The concise encyclopaedia of Western philosophy and philosophers (Record no. 38357)

MARC details
000 -LEADER
fixed length control field 00503nam a2200133 a 4500
008 - FIXED-LENGTH DATA ELEMENTS--GENERAL INFORMATION
fixed length control field 120416s1960 ||||||||||||||||| || u
050 ## - LIBRARY OF CONGRESS CALL NUMBER
Classification number B 41 Urm
100 ## - MAIN ENTRY--PERSONAL NAME
Personal name Urmson, James Opie
245 14 - TITLE STATEMENT
Title The concise encyclopaedia of Western philosophy and philosophers
Statement of responsibility, etc. edited by James Opie Urmson
260 ## - PUBLICATION, DISTRIBUTION, ETC.
Place of publication, distribution, etc. London
Name of publisher, distributor, etc. Hutchison
Date of publication, distribution, etc. 1960
300 ## - PHYSICAL DESCRIPTION
Extent 431p. : ill.
350 ## - PRICE (NR) (BK AM CF MU VM SE) [OBSOLETE]
Price 0.00
995 ## - RECOMMENDATION 995 [LOCAL, UNIMARC FRANCE]
-- 0.00
-- CBU-MAIN LIBRARY (Kitwe)
-- 1
-- 0.00
-- 1
-- DAMAGED
-- Reference Collection
Holdings
Withdrawn status Lost status Source of classification or shelving scheme Damaged status Not for loan Home library Current library Shelving location Date acquired Total Checkouts Full call number Barcode Date last seen Price effective from Koha item type
          CBU-MAIN LIBRARY, KITWE. CBU-MAIN LIBRARY, KITWE.   11/30/2022   B 41 Urm 022252 11/30/2022 11/30/2022 MONOGRAPH